00552 2200193 4500001002100000005001500021035002000036008004100056245006300097100002800160260005900188300001900247020002200266084001800288082000800306650001800314250000600332990002000338INLIS00000000000787020260418123759 a0010-0426000058260418 1 ind 1 aHis Last Bow :bSalam Perpisahan /cSir Arthur Conan Doyle aDoyle, Sir Arthur Conan aYogyakarta :bCV. Indoliterasi Publishing House,c2026 a244 ;c19 x 13 a978-602-0869-85-8 a823 DOY H C.1 a823 4aFiksi Inggris aI a260311300011202